Trang trí nội thất hiện đại thế kỷ 21
Sách cung cấp những bức ảnh đẹp về trang trí nội thất hiện đại thế kỷ 21 cho phòng ngủ, tủ kệ, phòng tắm - vệ sinh, phòng trẻ em, bàn trang điểm, trần nhà và sàn nhà.
Đã lưu trong:
| 主要作者: | |
|---|---|
| 格式: | 圖書 |
| 語言: | Undetermined |
| 出版: |
Hà Nội
Mỹ thuật
2005
|
| 主題: | |
| 標簽: |
添加標簽
沒有標簽, 成為第一個標記此記錄!
|
| Thư viện lưu trữ: | Trung tâm Học liệu Trường Đại học Cần Thơ |
|---|
| LEADER | 00886nam a2200205Ia 4500 | ||
|---|---|---|---|
| 001 | CTU_131472 | ||
| 008 | 210402s9999 xx 000 0 und d | ||
| 020 | |c 42000 | ||
| 082 | |a 747 | ||
| 082 | |b Kh103/T.11 | ||
| 100 | |a Phạm, Kim Khải | ||
| 245 | 0 | |a Trang trí nội thất hiện đại thế kỷ 21 | |
| 245 | 0 | |c Phạm Kim Khải, Phạm Cao Hoàn | |
| 260 | |a Hà Nội | ||
| 260 | |b Mỹ thuật | ||
| 260 | |c 2005 | ||
| 520 | |a Sách cung cấp những bức ảnh đẹp về trang trí nội thất hiện đại thế kỷ 21 cho phòng ngủ, tủ kệ, phòng tắm - vệ sinh, phòng trẻ em, bàn trang điểm, trần nhà và sàn nhà. | ||
| 650 | |a Interior decoration,Trang trí nội thất | ||
| 904 | |i Hạ Nguyên, Kiều Nguyên | ||
| 980 | |a Trung tâm Học liệu Trường Đại học Cần Thơ | ||